000 00855nam a2200229Ia 4500
003 GCL
008 140319s9999 xx 000 0 ara d
020 _a3287227977
040 _aGCL /
_cGCL
082 0 4 _aق
_b962.39
_bب م
100 1 _aبشير عبدالفتاح
245 1 0 _aمحافظة شمال سيناء /
_cبشير عبدالفتاح
260 _aالقاهرة :
_bمركز الدراسات السياسية والاستراتيجية - الأهرام ،
_c2005
300 _a100 ص ؛
_c19 سم
490 _aسلسلة المحافظات المصرية
_v0
650 0 4 _aمصر - محافظات
650 0 4 _aشمال سيناء - تاريخ
650 0 4 _aشمال سيناء - التنمية البشرية
650 0 4 _aشمال سيناء، محافظة
650 0 4 _aمصر - التنمية البشرية
942 _2ddc
_cBK
999 _c9235
_d9235